000 00559nam a22001817a 4500
005 20240301155947.0
010 _aENG-139528
020 _c508.00
_a9789386235008
035 _aEN-123060
037 _bDBAD/PUB
082 _a617.6001
100 _aPal G K
_962732
245 _aTextbook Of Practicl Physiology/
_cEdited by G K Pal
_bFor Dental Student
_hEnglish
260 _aHimayatnagar
_bOrient Blackswan Private Limited
270 _bHyderabad
_a3-6-752
_e500029
300 _a314p.
_c28cm(pbk)
942 _2ddc
_cEN
_h617.6001
_mPAL
999 _c201200
_d201200